Je dosažení uhlíkové neutrality průmyslu reálné?

Európska komisia zverejnila 27. januára 2023 dokument Prechodná cesta pre chemický priemysel. Jeho čiastkové parametre a ich číselné vyjadrenia sú založené na veľmi ambicióznych predpokladoch a ich realizovateľnosť je otázna.

Enregistré dans:
Détails bibliographiques
Auteur principal: Souček, Ivan
Format: Chapitre de livre
Langue:tchèque
Sujets:
Tags: Ajouter un tag
Pas de tags, Soyez le premier à ajouter un tag!

MARC

LEADER 00000naa a2200000 4500
001 0302985
005 20240708103956.8
041 0 |a cze 
044 |a CZ 
245 1 0 |a Je dosažení uhlíkové neutrality průmyslu reálné?  |c Ivan Souček 
520 |a Európska komisia zverejnila 27. januára 2023 dokument Prechodná cesta pre chemický priemysel. Jeho čiastkové parametre a ich číselné vyjadrenia sú založené na veľmi ambicióznych predpokladoch a ich realizovateľnosť je otázna. 
610 2 0 |a priemysel 
610 2 0 |a stratégia podniková 
610 2 0 |a priemysel chemický 
610 2 0 |a emisie 
100 1 |a Souček, Ivan